Quizzes
Events
Quiz Creation
Community
Videos
Private Events
Remove Ads
Sign In
Join for FREE
Feedback
Dark Mode
Quiz Categories
Sports
Geography
Music
Movies
Television
Just For Fun
Miscellaneous
History
Literature
Language
Science
Gaming
Entertainment
Religion
Holiday
For Kids
Quiz Lab
Recent
Popular Today
Quiz Kudos Today
Editor Picks
Curator Picks
Quizzes by...
Day
Popularity
Type
Ratings
Length
Year
Community
Subscriptions
Recent Discussions
Orange Saloon
Badges
Playlists
Quests
Create
Leaderboards
Showdown
Live 5
Trivia Bingo
Activity
Puzzle Library
Sporcle Events
Private Events
Virtual Trivia
Globe League
Become a Host
Pub Owners
SporcleCon
Opinionation
Our Games
Videos
Blog
Mobile Apps
Partnerships
Remove Ads and Go Orange
Feedback
Sports
Athletes
MLB
NBA
NHL
NFL
Soccer
Sports Teams
WWE
NCAA
Football
Premier League
Basketball
Baseball
Hockey
Golf
Tennis
Cricket
Rugby
Auto Racing
Olympics
World Cup
Sports
Athletes
MLB
NBA
NHL
NFL
Soccer
Sports Teams
WWE
NCAA
Football
Premier League
Basketball
Baseball
Hockey
Golf
Tennis
Cricket
Rugby
Auto Racing
Olympics
World Cup
Random Quiz
Search Sporcle
×
Quiz Lab
Quiz Lab
Sports
Baseball
Type in answers that appear in a list
Type in answers that appear in a list
Classic
Best Score? Go Orange.
Top 50 Career RBI Leaders MINES! Stats
Can you name the top 50 career RBI leaders without naming #51-100?
By
14bball21
7m
51 Questions
14.2K Plays
14,156 Plays
14,156 Plays
Comments
Comments
Give Quiz Kudos
Give Quiz Kudos
-
- Ratings
hide this ad
More Info
Minefield
Wrong answers will end the quiz
Wrong answers will end the quiz
Wrong Answers
Some wrong answers will appear in red
Some wrong answers will appear in red
Replay
Link that replays current quiz
Next Quiz
Link to next quiz in quiz playlist
You Got
0%
They Got
Avg Score
25%
Avg Friend Score
Upgrade to see
Score Distribution
Jump to the score distribution portion of the page
Score
0/51
Timer
07:00
0
Plays Today
# of RBI
Player
% Correct
2297
???
81.3%
2213
???
81%
1996
???
69.4%
1903
???
61%
1995
???
59.5%
1876*
???
53.2%
1839
???
47.4%
1951
???
42.4%
1836
???
40.4%
1831
???
37.4%
1667
???
37.3%
1922
???
36.2%
1636*
???
35.1%
1812
???
34.9%
1595
???
33.2%
1917
???
32.1%
1937
???
29.5%
1704
???
29%
1702
???
28.6%
1860
???
28.6%
1584
???
28%
1835
???
27.6%
1844
???
26.5%
1555
???
23.7%
1879
???
23.6%
1834
???
21.5%
# of RBI
Player
% Correct
1636
???
21.4%
1695
???
20.8%
1532*
???
19.5%
1732
???
16.4%
1540
???
16.4%
1537
???
15.5%
1584
???
15.1%
1583
???
14.3%
1529
???
13.3%
1676
???
13.3%
1529
???
12.8%
1827
???
12.5%
1596
???
11.9%
1652
???
10.9%
1591
???
9.3%
1550
???
7.6%
1599
???
7.3%
1512
???
6.9%
1628
???
5.1%
1525
???
3.2%
1609
???
3.1%
1518
???
2.8%
(*)
???
2.8%
1539
???
2.8%
1575
???
2%
Quiz Playlist
Details
Report
Send in Message
Add To Playlist
More Info:
* indicates a current player. Your quiz will end if you name a player from #51-100.
Classic:
Type in answers that appear in a list
Minefield:
Wrong answers will end the quiz
Wrong Answers:
Some wrong answers will appear in red
Quiz Source
Last Updated: Feb 16, 2017
Quiz Scoreboard
CHALLENGE
Sign Up to Join the Scoreboard
Show All
Scores
Hide
Comments
May contain spoilers
Recently Published
Billboard Blitz: Fleetwood Mac
by CooCooCachoo
Music
15s
Presidents Visiting Landmarks
by Hejman
History
7m
An Introduction to Baseball
by treessimontrees
Sports
5m
More to Explore
Quiz From the Vault
Featured Blog Post
Where Did the Easter Bunny Come From?
hide this ad
You Might Also Like...
Tags
Baseball Quiz
Minefield Quiz
MLB Quiz
League Leaders
mine
rbi
RBI Leaders
Top 50
Today's Top Quizzes in Sports
Browse Sports
hide this ad
Today's Top Quizzes in Baseball
Browse Baseball
Top Contributed Quizzes in Sports
1
Les meilleurs buteurs des matchs entre le PSG et l’OM
2
2022 World Cup Stars
3
FIFA Club World Cup Champions
4
Les entraîneurs de l'OM et du PSG au 21e siècle
5
Criteria MLB: Left Handed Sluggers
6
Name the Premier League winners with different clubs
7
5-to-1: UK Sports Teams
8
AFC Teams Reveal (Wrong Answers Minefield)
9
Players with Multiple 50 Home Run Seasons
10
5-to-1: FBS Animal Nicknames
Explore More
Trending Topics
Kpop
Crossword
NBA
Anime
Disney
Marvel
Harry Potter
The Office
NFL
Puzzle
Pokémon
Soccer
Song
Country
WWE
hide this ad
More By:
14bball21
Quiz
Plays
Rating
Category
Featured
Created
March Madness Minefield
641,357
4.26
Sports
Jul 12, 2012
NFL Passing Yards Leaders Minefield
289,145
3.91
Sports
Jul 20, 2011
MLB Who Wants to Be a Millionaire
89,917
2.44
Sports
Dec 22, 2011
Top 50 Career RBI Leaders MINES!
14,156
3.50
Sports
Jun 24, 2011
NBA Top 25 PPG Leaders (2006-2011)
8,900
4.23
Sports
Nov 17, 2011
Go to Creator's Profile
Score Distribution
Quiz Creator Spotlight
14bball21
Follow
Send a Message
Quizzes Created
-
Created Quiz Play Count
-
More By This Creator
Popular Quizzes Today
1
Find the US States - No Outlines Minefield
2
Find the Countries of Europe - No Outlines Minefield
3
The Countries of the World
4
Find the US States
5
Risky Map Clicking: Biggest States A-Z
6
US States
7
Popular People in 1961
8
Movies - When Are They Set?
More Sports Quizzes
Efficient World Cup Countries
Editor's Pick
Trending Quizzes
Risky Map Clicking: Least Populous States A-Z
1-10 Letter G Words
1-10 Letter F Words
Risky Map Clicking: Next State Alphabetically
Risky Map Clicking: Biggest States A-Z
Recently Updated
Leaping Animals
pecheneg
Reality TV Shows (A-Z)
bhenderson79
Rickey Henderson's Hall of Fame Teammates
pecheneg
Champions League XIs: Arsenal
pecheneg
Quick Pick: Celebrities in WWE's Hall of Fame
aduchscher
A-Z Keypad Blitz II
pecheneg
Multiple Oscar Actors
pecheneg
Mystery Phrase Blitz: Oscar 'Best Actors'
pecheneg
F. Scott Fitzgerald Novels
LTH
Pick 3 Villains
ddd62291
Trending Topics
Marvel
Anime
Crossword
NBA
Harry Potter
Disney
Kpop
WWE
NFL
Soccer
The Office
Country
Song
Puzzle
Pokémon
Your Account Isn't Verified!
In order to create a playlist on Sporcle, you need to verify the email address you used during registration. Go to your
Sporcle Settings
to finish the process.
Report this User
Report this user for behavior that violates our
Community Guidelines
.
Details:
Send Report
Go to the Sporcle.com Mobile Site →
Comments